000 00360pab a2200145 454500
008 180718b2004 xxu||||| |||| 00| 0 eng d
100 _aReddy, Y.R.K.
245 _aPromoting a learning culture
260 _c2004
300 _ap.39-47.
362 _aJan-Mar
650 _aMotivation
773 _aIndian Journal of Training and Development
909 _a60484
999 _c60484
_d60484